000
00309nam a22001337a 4500
008
181204b xxu||||| |||| 00| 0 eng d
020
_a
0801626838
041
_a
eng
080
_a
615.83
100
_a
8
101
_a
EKZ
245
_a
Modern Principles Athletics Training
_c
Daniel.d.a
942
_2
udc
_c
BK
999
_c
52764
_d
52764